000 00549nam a22001937a 4500
003 KOHA_MİRAKIL
005 20240930100955.0
008 240929b2019 tu ||||| |||| 00| 0 tur d
020 _a9786057739070
040 _aTR-AnABB
_btur
_cTR-AnABB
041 _atur
082 _a813.42
_bZOR 2019
100 _aZorlutuna, Halide Nusret,
_d1901-1984.
245 0 _aAşk ve zafer /
_cHalide Nusret Zorlutuna.
260 _aAnkara :
_bPanama Yayınları,
_c2019.
300 _a224 sayfa ;
_c19 cm.
650 _aTürk edebiyatı, roman
942 _2ddc
_cBK
999 _c1186
_d1186